Statistics for Car Names by Alternate Definition #1

Click here to take the quiz!

General Stats

  • This quiz has been taken 42,447 times
    (30,839 since last reset)
  • The average score is 10 of 20

Answer Stats

DefinitionCar Model% Correct
Wild horseFord {Mustang}
93%
Spanish celebrationFord {Fiesta}
79%
An international agreementHonda {Accord}
68%
Type of poisonous snakeDodge {Viper}
67%
Treeless Arctic ecosystemToyota {Tundra}
64%
Type of nuclear powerFord {Fusion}
62%
Person who handles horses and cattleJeep {Wrangler}
60%
Person who directs the path of a shipLincoln {Navigator}
55%
Measure of electrical potentialChevy {Volt}
51%
Type of African antelopeChevy {Impala}
48%
Gas used in advertising signageDodge {Neon}
45%
Type of musical compositionHyundai {Sonata}
45%
Desert convoyDodge {Caravan}
43%
Stellar explosionChevy {Nova}
38%
Medieval war horseDodge {Charger}
36%
Call girlFord {Escort}
35%
Short sword with a curved bladeOldsmobile {Cutlass}
33%
Another wild horseFord {Bronco}
31%
Epic, adventurous voyageHonda {Odyssey}
30%
The 27th elementChevy {Cobalt}
26%

Score Distribution

Percentile by Number Answered

Percent of People with Each Score

Your Score History

You have not taken this quiz since the last reset